<?xml version="1.0" encoding="UTF-8"?>
<collection xmlns="http://www.loc.gov/MARC21/slim">
 <record>
  <leader>03648nam a22005294a 4500</leader>
  <controlfield tag="001">29692</controlfield>
  <controlfield tag="003">BD-DhAAL</controlfield>
  <controlfield tag="005">20220103105404.0</controlfield>
  <controlfield tag="008">150816r20112010mdua     b    001 0 eng  </controlfield>
  <datafield tag="999" ind1=" " ind2=" ">
   <subfield code="c">35245</subfield>
   <subfield code="d">35245</subfield>
  </datafield>
  <datafield tag="010" ind1=" " ind2=" ">
   <subfield code="a">  2009046514</subfield>
  </datafield>
  <datafield tag="020" ind1=" " ind2=" ">
   <subfield code="a">9780781797665</subfield>
  </datafield>
  <datafield tag="020" ind1=" " ind2=" ">
   <subfield code="a">0781797667</subfield>
  </datafield>
  <datafield tag="020" ind1=" " ind2=" ">
   <subfield code="a">9788184733921</subfield>
  </datafield>
  <datafield tag="035" ind1=" " ind2=" ">
   <subfield code="a">(OCoLC)ocn463631927</subfield>
  </datafield>
  <datafield tag="040" ind1=" " ind2=" ">
   <subfield code="a">DNLM/DLC</subfield>
   <subfield code="c">DLC</subfield>
   <subfield code="d">YDX</subfield>
   <subfield code="d">BTCTA</subfield>
   <subfield code="d">NLM</subfield>
   <subfield code="d">YDXCP</subfield>
   <subfield code="d">BWX</subfield>
   <subfield code="d">IXA</subfield>
   <subfield code="d">STJ</subfield>
   <subfield code="d">DLC</subfield>
   <subfield code="d">BD-DhAAL</subfield>
  </datafield>
  <datafield tag="042" ind1=" " ind2=" ">
   <subfield code="a">pcc</subfield>
  </datafield>
  <datafield tag="050" ind1="0" ind2="0">
   <subfield code="a">RS403</subfield>
   <subfield code="b">.M34 2011</subfield>
  </datafield>
  <datafield tag="060" ind1="0" ind2="0">
   <subfield code="a">2010 G-669</subfield>
  </datafield>
  <datafield tag="060" ind1="1" ind2="0">
   <subfield code="a">QV 744</subfield>
   <subfield code="b">M386 2011</subfield>
  </datafield>
  <datafield tag="082" ind1="0" ind2="0">
   <subfield code="a">615.19</subfield>
   <subfield code="2">22</subfield>
  </datafield>
  <datafield tag="245" ind1="0" ind2="0">
   <subfield code="a">Martin's physical pharmacy and pharmaceutical sciences :</subfield>
   <subfield code="b">physical chemical and biopharmaceutical principles in the pharmaceutical sciences /</subfield>
   <subfield code="c">edited by Patrick J. Sinko ; assistant editor, Yashveer Singh.</subfield>
  </datafield>
  <datafield tag="246" ind1="3" ind2="0">
   <subfield code="a">Physical pharmacy and pharmaceutical sciences</subfield>
  </datafield>
  <datafield tag="250" ind1=" " ind2=" ">
   <subfield code="a">Sixth edition, 50th anniversary edition /</subfield>
   <subfield code="b">editor, Patrick J. Sinko ; assistant editor, Yashveer Singh.</subfield>
  </datafield>
  <datafield tag="260" ind1=" " ind2=" ">
   <subfield code="a">Baltimore, MD :</subfield>
   <subfield code="b">Lippincott Williams &amp; Wilkins,</subfield>
   <subfield code="c">c2011.</subfield>
  </datafield>
  <datafield tag="300" ind1=" " ind2=" ">
   <subfield code="a">viii, 659 pages :</subfield>
   <subfield code="b">illustrations (some colors) ;</subfield>
   <subfield code="c">28 cm.</subfield>
  </datafield>
  <datafield tag="504" ind1=" " ind2=" ">
   <subfield code="a">Includes bibliographical references and index.</subfield>
  </datafield>
  <datafield tag="505" ind1="0" ind2=" ">
   <subfield code="a">Interpretive tools -- States of matter -- Thermodynamics -- Determination of the physical properties of molecules -- Nonelectrolytes -- Electrolyte solutions -- Ionic equilibria -- Buffered and isotonic solutions -- Solubility and distribution phenomena -- Complexation and protein binding -- Diffusion -- Biopharmaceutics -- Drug release and dissolution -- Chemical kinetics and stability -- Interfacial phenomena -- Colloidal dispersions -- Coarse dispersions -- Micromeritics -- Rheology -- Pharmaceutical polymers -- Pharmaceutical biotechnology -- Oral solid dosage forms -- Drug dynamics and targeting.</subfield>
  </datafield>
  <datafield tag="541" ind1=" " ind2=" ">
   <subfield code="e">29692</subfield>
  </datafield>
  <datafield tag="650" ind1=" " ind2="0">
   <subfield code="a">Pharmaceutical chemistry.</subfield>
   <subfield code="9">13820</subfield>
  </datafield>
  <datafield tag="650" ind1=" " ind2="0">
   <subfield code="a">Chemistry, Physical and theoretical.</subfield>
   <subfield code="9">13821</subfield>
  </datafield>
  <datafield tag="650" ind1="1" ind2="2">
   <subfield code="a">Chemistry, Pharmaceutical.</subfield>
   <subfield code="9">11941</subfield>
  </datafield>
  <datafield tag="650" ind1="1" ind2="2">
   <subfield code="a">Chemistry, Physical.</subfield>
   <subfield code="9">13822</subfield>
  </datafield>
  <datafield tag="650" ind1="1" ind2="2">
   <subfield code="a">Pharmaceutical biotechnology.</subfield>
   <subfield code="9">43985</subfield>
  </datafield>
  <datafield tag="650" ind1="1" ind2="2">
   <subfield code="a">Pharmacy.</subfield>
   <subfield code="9">43807</subfield>
  </datafield>
  <datafield tag="700" ind1="1" ind2=" ">
   <subfield code="a">Martin, Alfred N.</subfield>
   <subfield code="9">13823</subfield>
  </datafield>
  <datafield tag="700" ind1="1" ind2=" ">
   <subfield code="a">Sinko, Patrick J.</subfield>
   <subfield code="9">13824</subfield>
  </datafield>
  <datafield tag="700" ind1="1" ind2=" ">
   <subfield code="a">Singh, Yashveer.</subfield>
   <subfield code="9">13825</subfield>
  </datafield>
  <datafield tag="852" ind1=" " ind2=" ">
   <subfield code="a">Ayesha Abed Library</subfield>
   <subfield code="c">General Stacks</subfield>
  </datafield>
  <datafield tag="942" ind1=" " ind2=" ">
   <subfield code="2">ddc</subfield>
   <subfield code="c">BK</subfield>
  </datafield>
  <datafield tag="952" ind1=" " ind2=" ">
   <subfield code="0">0</subfield>
   <subfield code="1">0</subfield>
   <subfield code="2">ddc</subfield>
   <subfield code="4">0</subfield>
   <subfield code="6">615_190000000000000_MAR</subfield>
   <subfield code="7">0</subfield>
   <subfield code="9">55253</subfield>
   <subfield code="a">PHR</subfield>
   <subfield code="b">PHR</subfield>
   <subfield code="c">GEN</subfield>
   <subfield code="d">2015-08-16</subfield>
   <subfield code="e">Trim Education</subfield>
   <subfield code="g">2185.00</subfield>
   <subfield code="l">0</subfield>
   <subfield code="o">615.19 MAR</subfield>
   <subfield code="p">3010029692</subfield>
   <subfield code="r">2015-08-16</subfield>
   <subfield code="t">1</subfield>
   <subfield code="w">2015-08-16</subfield>
   <subfield code="y">BK</subfield>
  </datafield>
  <datafield tag="952" ind1=" " ind2=" ">
   <subfield code="0">0</subfield>
   <subfield code="1">0</subfield>
   <subfield code="2">ddc</subfield>
   <subfield code="4">0</subfield>
   <subfield code="6">615_190000000000000_MAR</subfield>
   <subfield code="7">0</subfield>
   <subfield code="9">55254</subfield>
   <subfield code="a">BRACUL</subfield>
   <subfield code="b">BRACUL</subfield>
   <subfield code="c">GEN</subfield>
   <subfield code="d">2015-08-16</subfield>
   <subfield code="e">Trim Education</subfield>
   <subfield code="g">2185.00</subfield>
   <subfield code="l">9</subfield>
   <subfield code="m">104</subfield>
   <subfield code="o">615.19 MAR</subfield>
   <subfield code="p">3010029693</subfield>
   <subfield code="r">2025-07-14</subfield>
   <subfield code="s">2025-02-11</subfield>
   <subfield code="t">2</subfield>
   <subfield code="w">2015-08-16</subfield>
   <subfield code="y">BK</subfield>
  </datafield>
  <datafield tag="952" ind1=" " ind2=" ">
   <subfield code="0">0</subfield>
   <subfield code="1">0</subfield>
   <subfield code="2">ddc</subfield>
   <subfield code="4">0</subfield>
   <subfield code="6">615_190000000000000_MAR</subfield>
   <subfield code="7">0</subfield>
   <subfield code="9">55255</subfield>
   <subfield code="a">BRACUL</subfield>
   <subfield code="b">BRACUL</subfield>
   <subfield code="c">GEN</subfield>
   <subfield code="d">2015-08-16</subfield>
   <subfield code="e">Trim Education</subfield>
   <subfield code="g">2185.00</subfield>
   <subfield code="l">8</subfield>
   <subfield code="m">57</subfield>
   <subfield code="o">615.19 MAR</subfield>
   <subfield code="p">3010029694</subfield>
   <subfield code="r">2025-09-14</subfield>
   <subfield code="s">2025-08-31</subfield>
   <subfield code="t">3</subfield>
   <subfield code="w">2015-08-16</subfield>
   <subfield code="y">BK</subfield>
  </datafield>
  <datafield tag="952" ind1=" " ind2=" ">
   <subfield code="0">0</subfield>
   <subfield code="1">0</subfield>
   <subfield code="2">ddc</subfield>
   <subfield code="4">0</subfield>
   <subfield code="6">615_190000000000000_MAR</subfield>
   <subfield code="7">0</subfield>
   <subfield code="9">59586</subfield>
   <subfield code="a">SCL</subfield>
   <subfield code="b">SCL</subfield>
   <subfield code="c">GEN</subfield>
   <subfield code="d">2016-08-31</subfield>
   <subfield code="e">Parash Publishers </subfield>
   <subfield code="g">1950.00</subfield>
   <subfield code="l">4</subfield>
   <subfield code="m">14</subfield>
   <subfield code="o">615.19 MAR</subfield>
   <subfield code="p">3020008203</subfield>
   <subfield code="r">2025-12-21</subfield>
   <subfield code="s">2025-12-14</subfield>
   <subfield code="t">4</subfield>
   <subfield code="w">2016-08-31</subfield>
   <subfield code="y">BK</subfield>
  </datafield>
  <datafield tag="952" ind1=" " ind2=" ">
   <subfield code="0">0</subfield>
   <subfield code="1">0</subfield>
   <subfield code="2">ddc</subfield>
   <subfield code="4">0</subfield>
   <subfield code="6">615_190000000000000_MAR</subfield>
   <subfield code="7">0</subfield>
   <subfield code="9">59587</subfield>
   <subfield code="a">SCL</subfield>
   <subfield code="b">SCL</subfield>
   <subfield code="c">GEN</subfield>
   <subfield code="d">2016-08-31</subfield>
   <subfield code="e">Parash Publishers</subfield>
   <subfield code="g">1950.00</subfield>
   <subfield code="l">1</subfield>
   <subfield code="m">9</subfield>
   <subfield code="o">615.19 MAR</subfield>
   <subfield code="p">3020008202</subfield>
   <subfield code="r">2017-11-26</subfield>
   <subfield code="s">2017-09-24</subfield>
   <subfield code="t">5</subfield>
   <subfield code="w">2016-08-31</subfield>
   <subfield code="y">BK</subfield>
  </datafield>
  <datafield tag="952" ind1=" " ind2=" ">
   <subfield code="0">0</subfield>
   <subfield code="1">0</subfield>
   <subfield code="2">ddc</subfield>
   <subfield code="4">0</subfield>
   <subfield code="6">615_190000000000000_MAR</subfield>
   <subfield code="7">0</subfield>
   <subfield code="9">60827</subfield>
   <subfield code="a">SCL</subfield>
   <subfield code="b">SCL</subfield>
   <subfield code="c">GEN</subfield>
   <subfield code="d">2017-06-03</subfield>
   <subfield code="e">Development Book Agency</subfield>
   <subfield code="g">2185.00</subfield>
   <subfield code="l">2</subfield>
   <subfield code="m">8</subfield>
   <subfield code="o">615.19 MAR</subfield>
   <subfield code="p">3020008420</subfield>
   <subfield code="r">2017-11-27</subfield>
   <subfield code="s">2017-11-09</subfield>
   <subfield code="t">6</subfield>
   <subfield code="w">2017-06-03</subfield>
   <subfield code="y">BK</subfield>
  </datafield>
  <datafield tag="952" ind1=" " ind2=" ">
   <subfield code="0">0</subfield>
   <subfield code="1">0</subfield>
   <subfield code="2">ddc</subfield>
   <subfield code="4">0</subfield>
   <subfield code="6">615_190000000000000_MAR</subfield>
   <subfield code="7">0</subfield>
   <subfield code="9">60828</subfield>
   <subfield code="a">SCL</subfield>
   <subfield code="b">SCL</subfield>
   <subfield code="c">GEN</subfield>
   <subfield code="d">2017-06-03</subfield>
   <subfield code="e">Development Book Agency</subfield>
   <subfield code="g">2185.00</subfield>
   <subfield code="l">1</subfield>
   <subfield code="m">6</subfield>
   <subfield code="o">615.19 MAR</subfield>
   <subfield code="p">3020008419</subfield>
   <subfield code="r">2017-11-27</subfield>
   <subfield code="s">2017-09-19</subfield>
   <subfield code="t">7</subfield>
   <subfield code="w">2017-06-03</subfield>
   <subfield code="y">BK</subfield>
  </datafield>
 </record>
</collection>
